00989cam a22002773a 450000100060000000300060000600500170001200800410002904000150007004200070008505000070009210000480009924500840014726000290023150600300026051600200029065300560031065300510036665300500041765300460046765300420051365300670055570000180062283000290064085600420066925049PGUSA20140828083535.0080411s2008||||xxu|||||s|||||000 | eng d aPGUSAbeng adc 4aDT1 aViljoen, Ben J.q(Ben Johannis),d1868-191710aMy Reminiscences of the Anglo-Boer Warh[electronic resource] /cBen J. Viljoen bProject Gutenberg,c2008 aPublic domain in the USA. aElectronic text aSouth African War, 1899-1902 -- Personal narratives aPrisoners of war -- Great Britain -- Biography aPrisoners of war -- South Africa -- Biography aViljoen, Ben J. (Ben Johannis), 1868-1917 aGenerals -- South Africa -- Biography aSouth African War, 1899-1902 -- Prisoners and prisons, British1 aVan Breda, P. 0aProject Gutenbergv2504940uhttp://www.gutenberg.org/ebooks/25049